000 00613nam a22001817a 4500
999 _c166471
_d166471
010 _aENG-126070
020 _a978-93-86761-72-9
_c1995.00
035 _aEN-109602
037 _bDBAD/PUB
082 _a570.15195
100 _aAggarwal,B.M.
_d2018
245 _aBiostatistics:
_b(With Scientific Applications)
_cedited byB.M.Aggarwal & Pulin Kumar Gupta
260 _aNew Delhi
_bAne Books Pvt.Ltd.
270 _a4821, Parwana Bhawan, 1st floor, 24 Ansari Road, Darya Ganj.
300 _a342p.
_c24cm(hb)
700 _aB.M. Aggarwal & Pulkin Kumar Gupta
942 _2ddc
_cEN
_h570.15195
_mAGG